[Event "4NCL/Div4/CHED vs. BRJ"]
[Site "West Bromwich ENG"]
[Date "2004.01.24"]
[Round "3.6"]
[White "Tanner, Gary"]
[Black "Edwards, Roger J"]
[Result "0-1"]
[WhiteElo "1640"]
[BlackElo "1752"]
[PlyCount "88"]
[EventDate "2004.01.24"]

1. e4 e5 2. Nf3 Nc6 3. Bb5 a6 4. Ba4 Nf6 5. O-O b5 6. Bb3 Be7 7. Re1 O-O 8. c3
d6 9. h3 Na5 10. Bc2 c5 11. d4 cxd4 12. cxd4 Qc7 13. Nbd2 Bb7 14. d5 Rac8 15.
Bb1 Ba8 16. Nf1 Qd7 17. Ng3 Rc7 18. Qd2 Nc4 19. Qe2 Rfc8 20. Nf5 Na3 21. bxa3
Rxc1 22. Bd3 Rxa1 23. Rxa1 Bf8 24. Qd2 Qc7 25. Rb1 Bxd5 26. exd5 e4 27. Bxe4
Nxe4 28. Qd3 Qc2 29. Qxc2 Rxc2 30. Re1 Nf6 31. Ne3 Rxa2 32. Rc1 h6 33. Nd4 Rxa3
34. Rc8 g6 35. Nc6 Kg7 36. Rc7 Rc3 37. Ra7 Nxd5 38. Rxa6 Nxe3 39. fxe3 Rxe3 40.
Nd4 Re5 41. Rb6 Re4 42. Nxb5 d5 43. Rb7 Rb4 44. Nd6 Bxd6 0-1

[Event "4NCL/Div4/MET vs. GREN"]
[Site "West Bromwich ENG"]
[Date "2004.01.24"]
[Round "3.1"]
[White "Noden, Nicolas"]
[Black "Pugh, Derek C"]
[Result "1/2-1/2"]
[WhiteElo "2176"]
[BlackElo "2080"]
[PlyCount "102"]
[EventDate "2004.01.24"]

1. e4 Nc6 2. Nc3 e5 3. Bc4 Bc5 4. d3 Qf6 5. Nf3 Nge7 6. O-O d6 7. Nd5 Nxd5 8.
exd5 Nd4 9. Nxd4 Bxd4 10. c3 Bb6 11. Bb5+ Kf8 12. d4 h5 13. dxe5 dxe5 14. Kh1
Bf5 15. a4 a6 16. Be2 a5 17. Be3 g6 18. Qb3 Bxe3 19. fxe3 Qb6 20. Qxb6 cxb6 21.
Rad1 Bc2 22. Rd2 Bxa4 23. Rf6 Ke7 24. Rxb6 Rhb8 25. b3 Bd7 26. Ra2 Kd8 27. Bd3
Kc7 28. Rf6 Be8 29. c4 Ra6 30. Rxa6 bxa6 31. Bc2 a4 32. bxa4 Rb4 33. h3 Rxc4
34. Bd3 Rc1+ 35. Kh2 a5 36. e4 h4 37. Rf2 Rc3 38. Bb5 Kd8 39. Rb2 Re3 40. Bxe8
Kxe8 41. Rb5 Rxe4 42. Rxa5 Kd7 43. Ra7+ Kd6 44. Rxf7 Rxa4 45. Rf6+ Kxd5 46.
Rxg6 Rd4 47. Kg1 Ke4 48. Re6 Kf4 49. Rf6+ Ke3 50. Rf3+ Kd2 51. Rf2+ Ke3 1/2-1/2

[Event "4NCL/Div4/MET vs. GREN"]
[Site "West Bromwich ENG"]
[Date "2004.01.24"]
[Round "3.2"]
[White "Osborne, David"]
[Black "Dunn, Alan"]
[Result "0-1"]
[WhiteElo "1864"]
[BlackElo "2095"]
[PlyCount "105"]
[EventDate "2004.01.24"]

1. e4 c5 2. Nc3 g6 3. g3 Bg7 4. Bg2 e6 5. d3 Ne7 6. Be3 b6 7. Qd2 Nbc6 8. Bh6
Bxh6 9. Qxh6 Bb7 10. Nf3 Rf8 11. O-O d6 12. Rad1 Nd4 13. Nxd4 cxd4 14. Ne2 e5
15. c3 dxc3 16. Nxc3 Nc6 17. f4 Nd4 18. fxe5 dxe5 19. Nd5 Bxd5 20. exd5 Qd6 21.
Qh4 Nf5 22. Qa4+ Qd7 23. Qe4 f6 24. d4 Nd6 25. Qe2 Qe7 26. Bh3 e4 27. Be6 f5
28. Rc1 Rf6 29. Rc6 Rxe6 30. dxe6 Qxe6 31. Rfc1 Qd5 32. Qe3 Rd8 33. Rc7 Rd7 34.
Rxd7 Kxd7 35. Qc3 Ke6 36. b3 g5 37. Qe3 Kf6 38. a4 h6 39. h4 Kg6 40. Rc7 a6 41.
hxg5 hxg5 42. Kh2 Ne8 43. Rc8 Nf6 44. Qc3 e3 45. Qc4 Qxc4 46. Rxc4 f4 47. Kg2
Kf5 48. gxf4 gxf4 49. Rc6 Ne4 50. Kf3 Nd2+ 51. Ke2 Ke4 52. Rxb6 f3+ 53. Kd1 0-1

[Event "4NCL/Div4/MET vs. GREN"]
[Site "West Bromwich ENG"]
[Date "2004.01.24"]
[Round "3.3"]
[White "Calvert, D Ian"]
[Black "Eggington, David C"]
[Result "1/2-1/2"]
[WhiteElo "2035"]
[BlackElo "1912"]
[PlyCount "48"]
[EventDate "2004.01.24"]

1. b3 Nf6 2. Bb2 b6 3. Nf3 Bb7 4. g3 Bxf3 5. exf3 e6 6. Bg2 d5 7. d3 g6 8. Nd2
Bg7 9. f4 O-O 10. O-O Nh5 11. Bxg7 Nxg7 12. Nf3 Qd6 13. Re1 a5 14. a4 Na6 15.
Qd2 Rfd8 16. Nd4 c6 17. c3 Rac8 18. Bh3 c5 19. Nb5 Qd7 20. Red1 Nc7 21. Nxc7
Rxc7 22. Rdc1 Nf5 23. Bxf5 gxf5 24. Qe1 d4 1/2-1/2

[Event "4NCL/Div4/MET vs. GREN"]
[Site "West Bromwich ENG"]
[Date "2004.01.24"]
[Round "3.4"]
[White "Furnevall, Mark"]
[Black "Djabri, Zafer M"]
[Result "1-0"]
[WhiteElo "1736"]
[BlackElo "2036"]
[PlyCount "115"]
[EventDate "2004.01.24"]

1. e4 c5 2. Nf3 Nc6 3. d4 cxd4 4. Nxd4 Nf6 5. Nc3 e6 6. Bc4 Bb4 7. Nxc6 bxc6 8.
Qf3 d5 9. Bd3 d4 10. a3 Qa5 11. axb4 Qxa1 12. Ne2 e5 13. O-O Qa4 14. Qg3 O-O
15. Qxe5 Qxb4 16. Qg3 Qc5 17. e5 Ng4 18. Qh4 f5 19. exf6 Nxf6 20. Nxd4 Bd7 21.
Bg5 h6 22. Be3 Qh5 23. Qg3 Nd5 24. Be2 Qf7 25. Bxh6 Nf4 26. Bc4 Nd5 27. Nf3
Rae8 28. Be3 Qe6 29. Bd4 Qg4 30. Qxg4 Bxg4 31. Ne5 Rxe5 32. Bxe5 Re8 33. Bc3
Kf8 34. Bxd5 cxd5 35. f3 Bf5 36. Bb4+ Kf7 37. Rd1 Rd8 38. c3 Bc2 39. Ra1 Rd7
40. Bc5 Ke6 41. Rxa7 Rxa7 42. Bxa7 Bd3 43. Kf2 g6 44. Ke3 Bf1 45. g3 Ke5 46.
Bb8+ Ke6 47. b4 Kd7 48. Kf4 Ke6 49. h4 Be2 50. Be5 Bb5 51. g4 Be8 52. Bd4 Bb5
53. Kg5 Kf7 54. h5 gxh5 55. gxh5 Bd3 56. f4 Ke6 57. h6 Kf7 58. f5 1-0

[Event "4NCL/Div4/MET vs. GREN"]
[Site "West Bromwich ENG"]
[Date "2004.01.24"]
[Round "3.5"]
[White "Dickson, George"]
[Black "Butterworth, Paul"]
[Result "1-0"]
[WhiteElo "1928"]
[BlackElo "1608"]
[PlyCount "57"]
[EventDate "2004.01.24"]

1. d4 Nf6 2. Nf3 g6 3. Bf4 Bg7 4. e3 O-O 5. h3 d6 6. Be2 Nbd7 7. O-O c6 8. c4
Ne8 9. Nc3 b6 10. e4 Bb7 11. Qd2 c5 12. d5 a6 13. Bh6 Nc7 14. Bxg7 Kxg7 15. Nh2
f6 16. f4 Rb8 17. Ng4 Bc8 18. e5 b5 19. exd6 exd6 20. Ne4 Qe7 21. Bf3 Rb6 22.
Rae1 Qd8 23. Ng5 fxg5 24. Qc3+ Nf6 25. fxg5 Bxg4 26. Bxg4 bxc4 27. gxf6+ Rxf6
28. Rxf6 Qxf6 29. Re7+ 1-0

[Event "4NCL/Div4/MET vs. GREN"]
[Site "West Bromwich ENG"]
[Date "2004.01.24"]
[Round "3.6"]
[White "Knowles, James"]
[Black "McGuiness, Andrew E"]
[Result "0-1"]
[WhiteElo "1624"]
[BlackElo "1776"]
[PlyCount "50"]
[EventDate "2004.01.24"]

1. d4 c5 2. dxc5 e5 3. c4 Bxc5 4. Nc3 Nf6 5. g3 O-O 6. Bg2 Nc6 7. e3 d6 8. Nge2
Be6 9. b3 a6 10. O-O Rc8 11. Bb2 Ng4 12. Ne4 Bxe3 13. fxe3 Nxe3 14. Qd2 Nxf1
15. Rxf1 d5 16. cxd5 Bxd5 17. Nf6+ gxf6 18. Bxd5 Ne7 19. Rxf6 Qxd5 20. Qg5+ Ng6
21. Nf4 Qd1+ 22. Kg2 Rc2+ 23. Kh3 exf4 24. Ba3 fxg3 25. Qxg3 Qh5+ 0-1

[Event "4NCL/Div4/NOTT vs. PONTY"]
[Site "West Bromwich ENG"]
[Date "2004.01.24"]
[Round "3.1"]
[White "Barnes, Michael H"]
[Black "White, Ian G"]
[Result "1-0"]
[WhiteElo "2262"]
[BlackElo "2018"]
[PlyCount "53"]
[EventDate "2004.01.24"]

1. c4 f5 2. g3 Nf6 3. Bg2 g6 4. Nc3 d6 5. d3 Bg7 6. e4 fxe4 7. dxe4 O-O 8. Nge2
e5 9. O-O Nbd7 10. h3 Nc5 11. Be3 Ne6 12. Qd2 Bd7 13. f4 exf4 14. gxf4 Bc6 15.
Ng3 Qe8 16. Rae1 Nd8 17. b4 a6 18. Bd4 b6 19. e5 dxe5 20. fxe5 Nd7 21. Rxf8+
Nxf8 22. Nd5 Nde6 23. Bb2 Rd8 24. Qf2 Bxd5 25. cxd5 Ng5 26. h4 Nf7 27. e6 1-0

[Event "4NCL/Div4/NOTT vs. PONTY"]
[Site "West Bromwich ENG"]
[Date "2004.01.24"]
[Round "3.2"]
[White "Jones, Derek C"]
[Black "Mercs, Peter J"]
[Result "1/2-1/2"]
[WhiteElo "1944"]
[BlackElo "2121"]
[PlyCount "65"]
[EventDate "2004.01.24"]

1. e4 c5 2. Nf3 d6 3. d4 cxd4 4. Nxd4 Nf6 5. Nc3 e6 6. g3 Be7 7. Bg2 O-O 8. O-O
Nc6 9. Nxc6 bxc6 10. e5 dxe5 11. Bxc6 Rb8 12. b3 Qc7 13. Qf3 Ba6 14. Ne4 Bxf1
15. Kxf1 Nxe4 16. Qxe4 Rfc8 17. Ba4 Qxc2 18. Qxc2 Rxc2 19. Be3 a6 20. a3 h6 21.
b4 Rb2 22. Bc1 R2xb4 23. axb4 Bxb4 24. Rb1 a5 25. Bd2 f5 26. Bxb4 axb4 27. f3
Kf7 28. Ke2 g5 29. Kd3 Rd8+ 30. Kc4 Rd2 31. Rxb4 Rxh2 32. Rb7+ Kf6 33. Be8
1/2-1/2

[Event "4NCL/Div4/NOTT vs. PONTY"]
[Site "West Bromwich ENG"]
[Date "2004.01.24"]
[Round "3.3"]
[White "Walker, Andrew N"]
[Black "Thomas, Roy"]
[Result "1/2-1/2"]
[WhiteElo "1968"]
[BlackElo "1734"]
[PlyCount "129"]
[EventDate "2004.01.24"]

1. e4 c5 2. d4 cxd4 3. c3 d3 4. Bxd3 Nc6 5. Nf3 d6 6. O-O Nf6 7. Bg5 e6 8. Qe2
Be7 9. Rd1 Nd7 10. Bf4 Qc7 11. Na3 a6 12. Rd2 e5 13. Bg5 Nf6 14. Rad1 h6 15.
Bxf6 Bxf6 16. Bc4 Be7 17. Nc2 g5 18. Ne3 Be6 19. Bd5 O-O-O 20. Qc4 Qd7 21. b4
Kb8 22. a4 Rc8 23. Qb3 Rhd8 24. Nc4 Qc7 25. a5 Bxd5 26. Rxd5 Nxb4 27. Nxd6 Nxd5
28. Nxc8 Qxc3 29. Qa4 Rxc8 30. exd5 e4 31. Nd4 Bc5 32. Ne2 Qf6 33. Qxe4 Qxf2+
34. Kh1 Bd6 35. Nd4 Qf4 36. Qxf4 Bxf4 37. Nf5 h5 38. g3 Rc1 39. Rxc1 Bxc1 40.
Nd6 f6 41. Nc4 f5 42. h3 f4 43. g4 hxg4 44. hxg4 Kc7 45. Kg2 Be3 46. Kf3 b6 47.
axb6+ Bxb6 48. Ne5 a5 49. Ke4 a4 50. Kd3 a3 51. d6+ Kd8 52. Kc2 Bc5 53. d7 Bd6
54. Nf7+ Kxd7 55. Nxg5 Be7 56. Nf3 Ke6 57. Kb3 Bf8 58. Nh4 Kd5 59. Nf3 Ke4 60.
Ng1 Bc5 61. Nh3 f3 62. Ng5+ Kf4 63. Nxf3 Kxg4 64. Ne5+ Kf5 65. Nc4 1/2-1/2

[Event "4NCL/Div4/NOTT vs. PONTY"]
[Site "West Bromwich ENG"]
[Date "2004.01.24"]
[Round "3.4"]
[White "Jones, Michael G"]
[Black "Webster, Richard J"]
[Result "0-1"]
[WhiteElo "1628"]
[BlackElo "2031"]
[PlyCount "46"]
[EventDate "2004.01.24"]

1. d4 Nf6 2. c4 e6 3. Nc3 d5 4. Bg5 Be7 5. e3 O-O 6. Bxf6 Bxf6 7. cxd5 exd5 8.
Bd3 c6 9. Nge2 Nd7 10. Qc2 h6 11. Ng3 Re8 12. h4 Bxd4 13. Nf5 Bf6 14. O-O-O Nc5
15. Be2 Bxf5 16. Qxf5 Bxc3 17. bxc3 Qa5 18. Kb1 Ne4 19. Bd3 Qxc3 20. g4 g6 21.
Qf4 Re6 22. Qxh6 c5 23. h5 Rb6+ 0-1

[Event "4NCL/Div4/NOTT vs. PONTY"]
[Site "West Bromwich ENG"]
[Date "2004.01.24"]
[Round "3.5"]
[White "Truman, Richard G"]
[Black "Griffiths, Philip M"]
[Result "1-0"]
[WhiteElo "1938"]
[BlackElo "1368"]
[PlyCount "77"]
[EventDate "2004.01.24"]

1. d4 Nf6 2. c4 g6 3. Nc3 Bg7 4. e4 d6 5. f3 O-O 6. Be3 Nbd7 7. Qd2 e5 8. d5 c6
9. Bd3 cxd5 10. cxd5 a6 11. Nge2 b6 12. O-O Nc5 13. Bc2 a5 14. Rfc1 Ne8 15. a3
f5 16. b4 f4 17. Bf2 Nd7 18. Ba4 h5 19. Nb5 h4 20. h3 Qg5 21. Kh2 Ndf6 22. Rc6
Bh6 23. Nxd6 Nxd6 24. Rxd6 Qh5 25. Nc3 axb4 26. axb4 b5 27. Rxf6 Rxf6 28. d6
bxa4 29. Qd5+ Rf7 30. Qxa8 Rf8 31. Qd5+ Kh7 32. d7 Bxd7 33. Qxd7+ Bg7 34. Rxa4
g5 35. Ra7 Rg8 36. Nd5 Kh8 37. Ne7 Re8 38. Nf5 Bf6 39. Ng7 1-0

[Event "4NCL/Div4/OXF2 vs. BCA"]
[Site "West Bromwich ENG"]
[Date "2004.01.24"]
[Round "3.1"]
[White "Webster, Ian"]
[Black "Mordue, A Tyson"]
[Result "1/2-1/2"]
[WhiteElo "1856"]
[BlackElo "2284"]
[PlyCount "97"]
[EventDate "2004.01.24"]

1. e4 c5 2. Nf3 d6 3. d4 cxd4 4. Nxd4 Nf6 5. Nc3 a6 6. Rg1 Nc6 7. g4 h6 8. Be3
e6 9. h4 g6 10. f4 h5 11. f5 Nxg4 12. Bg5 Qb6 13. Rxg4 hxg4 14. Bf6 Nxd4 15.
Bxd4 Qd8 16. fxg6 Qxh4+ 17. Kd2 Bh6+ 18. Kd3 O-O 19. e5 dxe5 20. Bb6 Bd7 21.
Qe2 Qg3+ 22. Kc4 f5 23. Rd1 Rfc8+ 24. Kb4 Bf8+ 25. Kb3 Be8 26. a3 Bc5 27. Qc4
Rc6 28. Bxc5 b6 29. Rd6 Rxd6 30. Bxd6 Bxg6 31. Qc7 Bf7 32. Bc4 b5 33. Bd3 Qe3
34. Bxe5 g3 35. Qc6 Qxe5 36. Qxa8+ Kg7 37. Qf3 Qe1 38. Kb4 Bg6 39. Ka5 e5 40.
Bxf5 Qf2 41. Qb7+ Kh6 42. Bh3 Qxc2 43. Qe7 Qxb2 44. Qh4+ Kg7 45. Qxg3 Qxa3+ 46.
Kb6 Qd6+ 47. Ka5 Qa3+ 48. Kb6 Qd6+ 49. Ka5 1/2-1/2

[Event "4NCL/Div4/OXF2 vs. BCA"]
[Site "West Bromwich ENG"]
[Date "2004.01.24"]
[Round "3.2"]
[White "Ross, Chris"]
[Black "Duggan, Chris"]
[Result "0-1"]
[WhiteElo "2133"]
[BlackElo "1848"]
[PlyCount "66"]
[EventDate "2004.01.24"]

1. e4 c5 2. Nf3 Nc6 3. Bb5 e6 4. O-O Nge7 5. d4 cxd4 6. Nxd4 Qb6 7. Bxc6 Nxc6
8. Nb3 Be7 9. Nc3 a6 10. Qg4 O-O 11. Qg3 d6 12. Kh1 Nb4 13. Bh6 Bf6 14. f4 Nc6
15. Rad1 Qc7 16. Rf3 Kh8 17. Bg5 Bxg5 18. Qxg5 b5 19. Rh3 Qe7 20. Qh5 h6 21. e5
dxe5 22. fxe5 f5 23. exf6 Rxf6 24. Ne4 Rf5 25. Qe2 Bb7 26. Nd6 Re5 27. Re3 Rxe3
28. Qxe3 Rd8 29. Qf4 Rf8 30. Qd2 Ba8 31. h3 Ne5 32. Nc5 Qh4 33. Qe3 Rf3 0-1

[Event "4NCL/Div4/OXF2 vs. BCA"]
[Site "West Bromwich ENG"]
[Date "2004.01.24"]
[Round "3.3"]
[White "Terry, Sean"]
[Black "Burnell, Steve"]
[Result "0-1"]
[WhiteElo "1896"]
[BlackElo "1840"]
[PlyCount "78"]
[EventDate "2004.01.24"]

1. e4 c6 2. d4 d5 3. e5 Bf5 4. Be3 e6 5. Nf3 Qb6 6. b3 c5 7. Be2 Nc6 8. O-O Rc8
9. Nc3 cxd4 10. Nxd4 Nxd4 11. Bxd4 Qa5 12. Bb5+ Kd8 13. Bd3 Nh6 14. Nb5 Bxd3
15. Qxd3 a6 16. Na7 Rc7 17. c3 Rd7 18. b4 Qc7 19. a4 Nf5 20. a5 Qc4 21. Bb6+
Ke8 22. Qxc4 dxc4 23. Rfd1 Be7 24. Rxd7 Kxd7 25. Rd1+ Ke8 26. g4 Nh4 27. Kh1
Nf3 28. Bc7 h5 29. gxh5 Rxh5 30. Kg2 Nxe5 31. Bxe5 Rxe5 32. Rd4 Rg5+ 33. Kf1
Rd5 34. Rxc4 Bd6 35. Nc8 Bxh2 36. Rh4 Bc7 37. Rh8+ Kd7 38. Nb6+ Bxb6 39. axb6
Kc6 0-1

[Event "4NCL/Div4/OXF2 vs. BCA"]
[Site "West Bromwich ENG"]
[Date "2004.01.24"]
[Round "3.4"]
[White "Gallagher, John"]
[Black "Ludbrook, Matt"]
[Result "0-1"]
[WhiteElo "1600"]
[BlackElo "1816"]
[PlyCount "68"]
[EventDate "2004.01.24"]

1. d4 Nf6 2. Nf3 g6 3. c4 c5 4. e3 Bg7 5. Nc3 O-O 6. Be2 d6 7. O-O Nc6 8. a3 b6
9. Qc2 Bd7 10. Rb1 Ne8 11. d5 Na5 12. b4 Nb7 13. Bb2 e5 14. dxe6 fxe6 15. Rbd1
Qe7 16. Qd2 Rd8 17. Ne1 Bc6 18. b5 Bd7 19. Bf3 Na5 20. Be2 Bc8 21. Qc2 Bb7 22.
f4 d5 23. cxd5 exd5 24. Bc1 Nc7 25. a4 d4 26. Nb1 Rde8 27. Bf3 dxe3 28. Qe2
Rxf4 29. Nc2 Rxa4 30. Bxb7 Nxb7 31. Rf3 Re4 32. Rdf1 Nd6 33. Ne1 Ncxb5 34. Qa2+
c4 0-1

[Event "4NCL/Div4/OXF2 vs. BCA"]
[Site "West Bromwich ENG"]
[Date "2004.01.24"]
[Round "3.5"]
[White "McIntosh, Chris"]
[Black "Hodgkins, David W"]
[Result "1-0"]
[WhiteElo "1768"]
[BlackElo "1496"]
[PlyCount "57"]
[EventDate "2004.01.24"]

1. d4 Nf6 2. Nf3 d5 3. e3 Bf5 4. c3 c6 5. Nbd2 e6 6. Nh4 Bg4 7. Qb3 Qc7 8. h3
Bh5 9. g4 Bg6 10. Nxg6 hxg6 11. Bg2 Nbd7 12. g5 Nh5 13. c4 Be7 14. Nf3 dxc4 15.
Qxc4 Qa5+ 16. Bd2 Qd5 17. Qxd5 exd5 18. h4 f6 19. Ke2 Nb6 20. b3 Nc8 21. Rag1
Nd6 22. Bh3 f5 23. Ne5 Rg8 24. Nxg6 Kd7 25. Bb4 Bd8 26. Bxd6 Kxd6 27. Bxf5 Bb6
28. Bg4 Rge8 29. Kd3 1-0

[Event "4NCL/Div4/OXF2 vs. BCA"]
[Site "West Bromwich ENG"]
[Date "2004.01.24"]
[Round "3.6"]
[White "Thacker, Steve M"]
[Black "Harrison, Pete R"]
[Result "1/2-1/2"]
[WhiteElo "1432"]
[BlackElo "1600"]
[PlyCount "119"]
[EventDate "2004.01.24"]

1. e4 e6 2. d4 d5 3. e5 c5 4. c3 Nc6 5. Be3 Qb6 6. Qb3 Qxb3 7. axb3 cxd4 8.
cxd4 Bb4+ 9. Kd1 Bd7 10. Bb5 Nge7 11. Ne2 a6 12. Bd3 Rc8 13. Nbc3 b5 14. Rxa6
Na5 15. Bxb5 Nxb3 16. Bxd7+ Kxd7 17. Rb6 Rb8 18. Rxb8 Rxb8 19. Kc2 Na5 20. Rb1
Nf5 21. Bc1 Nc6 22. Kd3 f6 23. f4 fxe5 24. fxe5 Rf8 25. Bd2 Nfe7 26. Be3 Na5
27. Na2 Rb8 28. Nxb4 Rxb4 29. Bd2 Rb5 30. Bxa5 Rxa5 31. b4 Ra3+ 32. Nc3 Ra8 33.
b5 Rf8 34. Rb2 Kc7 35. Ra2 Nc8 36. Ra6 Rf2 37. Ra2 Rxa2 38. Nxa2 Kb6 39. Nc3
Ka5 40. Ne2 g5 41. h4 h6 42. hxg5 hxg5 43. Nc3 Na7 44. b6 Nc6 45. b7 Kb6 46.
Na4+ Kxb7 47. Nc5+ Kc8 48. Nxe6 g4 49. Ke3 Kd7 50. Nf4 Ne7 51. Ne2 Ng6 52. Nf4
Ne7 53. Ne2 Ng6 54. Kf2 Ke6 55. Ke3 Kf5 56. g3 Ne7 57. Nf4 Kg5 58. Ne6+ Kf5 59.
Nc7 Kg5 60. Ne6+ 1/2-1/2

[Event "4NCL/Div4/AD3 vs. SXM"]
[Site "West Bromwich ENG"]
[Date "2004.01.24"]
[Round "3.1"]
[White "Lewis, Richard"]
[Black "Norton, Trevor"]
[Result "0-1"]
[WhiteElo "1664"]
[BlackElo "1904"]
[PlyCount "49"]
[EventDate "2004.01.24"]

1. e4 e5 2. Nf3 Nc6 3. d4 exd4 4. Nxd4 Nf6 5. Nxc6 bxc6 6. e5 Qe7 7. Qe2 Nd5 8.
c4 Nb6 9. b3 g6 10. Nd2 Bg7 11. Bb2 O-O 12. a4 d6 13. exd6 Qxe2+ 14. Bxe2 Bxb2
15. Rb1 Be5 16. dxc7 Bf5 17. Rd1 Rac8 18. O-O Rxc7 19. Nf3 Bf6 20. Nd4 Bxd4 21.
Rxd4 c5 22. Rd2 Rd7 23. Rxd7 Nxd7 24. Rd1 Nf6 25. Rc1 0-1

[Event "4NCL/Div4/AD3 vs. SXM"]
[Site "West Bromwich ENG"]
[Date "2004.01.24"]
[Round "3.2"]
[White "Barraclough, David"]
[Black "Pready, Alex"]
[Result "0-1"]
[WhiteElo "1720"]
[BlackElo "1664"]
[PlyCount "62"]
[EventDate "2004.01.24"]

1. e4 c5 2. Nf3 Nc6 3. d4 cxd4 4. Nxd4 g6 5. c4 Bg7 6. Be3 Nf6 7. Nc3 O-O 8.
Be2 d6 9. Qd2 Nxd4 10. Bxd4 Be6 11. O-O a6 12. f4 Rc8 13. b3 Qa5 14. Qe3 Qd8
15. Rad1 Bd7 16. Bb6 Qe8 17. e5 Ng4 18. Qg3 Nh6 19. exd6 Nf5 20. Qd3 Nxd6 21.
c5 Bf5 22. Qe3 Bxc3 23. Qxc3 Ne4 24. Qd4 Nf6 25. Bf3 Qd7 26. Qe5 Qb5 27. Qxe7
Nd7 28. Bxb7 Nxb6 29. cxb6 Qxb6+ 30. Kh1 Rc7 31. Rd8 Rxe7 0-1

[Event "4NCL/Div4/AD3 vs. SXM"]
[Site "West Bromwich ENG"]
[Date "2004.01.24"]
[Round "3.3"]
[White "Pohribnyj, Chris"]
[Black "Fraser, Joe"]
[Result "1/2-1/2"]
[WhiteElo "1592"]
[BlackElo "1576"]
[PlyCount "71"]
[EventDate "2004.01.24"]

1. d4 Nf6 2. c4 g6 3. Nc3 Bg7 4. e4 d6 5. f3 O-O 6. Be3 Nc6 7. Qd2 e5 8. d5 Ne7
9. Bd3 c6 10. Nge2 a6 11. g4 Rb8 12. Ng3 Bxg4 13. fxg4 Nxg4 14. Be2 Nxe3 15.
Qxe3 f5 16. exf5 Nxf5 17. Nxf5 Rxf5 18. O-O-O Qh4 19. Kb1 c5 20. Qg3 Qe7 21.
Rdf1 Rf4 22. Bd3 Bh6 23. Ne2 Rh4 24. Rf2 b5 25. Rhf1 e4 26. Rf7 Qe5 27. Qxh4
bxc4 28. Qf6 Qxf6 29. R7xf6 cxd3 30. Nc3 e3 31. Rxd6 Bg7 32. Kc1 e2 33. Re1
Bh6+ 34. Kb1 Bd2 35. Rxe2 dxe2 36. Nxe2 1/2-1/2

[Event "4NCL/Div4/AD3 vs. SXM"]
[Site "West Bromwich ENG"]
[Date "2004.01.24"]
[Round "3.4"]
[White "Snowden, James E"]
[Black "Graham, Louis"]
[Result "0-1"]
[WhiteElo "1584"]
[BlackElo "1560"]
[PlyCount "48"]
[EventDate "2004.01.24"]

1. e4 e5 2. Nf3 Nc6 3. Bc4 Nf6 4. Ng5 d5 5. exd5 Na5 6. Bb5+ c6 7. dxc6 bxc6 8.
Be2 h6 9. Nf3 e4 10. Ne5 Bd6 11. d4 exd3 12. Nxd3 O-O 13. Nc3 Qc7 14. h3 Be6
15. b3 Rad8 16. Bb2 Nb7 17. O-O Rfe8 18. Rc1 Nd5 19. Ne4 Nf4 20. Qd2 Bd5 21.
Ng3 f6 22. Bh5 Nxh5 23. Nxh5 Nc5 24. Nxc5 Bh2+ 0-1

[Event "4NCL/Div4/AD3 vs. SXM"]
[Site "West Bromwich ENG"]
[Date "2004.01.24"]
[Round "3.5"]
[White "Somerfield, Adrian"]
[Black "Eichner, Daniel"]
[Result "0-1"]
[WhiteElo "1480"]
[BlackElo "1544"]
[PlyCount "40"]
[EventDate "2004.01.24"]

1. e4 c5 2. Nf3 Nc6 3. d4 cxd4 4. Nxd4 g6 5. c4 Bg7 6. Be3 Nf6 7. f3 d6 8. Nc3
O-O 9. Be2 Bd7 10. O-O Qb6 11. Qb3 Nxd4 12. Qxb6 Nxe2+ 13. Nxe2 axb6 14. Bxb6
Ra6 15. Bd4 Be6 16. b3 Nd7 17. Kf2 Rfa8 18. Bxg7 Kxg7 19. Nc3 Nc5 20. Ke3 Nxb3
0-1

[Event "4NCL/Div4/AD3 vs. SXM"]
[Site "West Bromwich ENG"]
[Date "2004.01.24"]
[Round "3.6"]
[White "Richardson, Joe"]
[Black "Moore, Kevin J"]
[Result "1-0"]
[WhiteElo "1536"]
[BlackElo "1176"]
[PlyCount "47"]
[EventDate "2004.01.24"]

1. e4 c5 2. c3 Nc6 3. Nf3 d6 4. d4 cxd4 5. cxd4 Bg4 6. Bb5 a6 7. Bxc6+ bxc6 8.
Nc3 e5 9. dxe5 dxe5 10. Qxd8+ Rxd8 11. Nxe5 Nf6 12. Bg5 Bc5 13. Bxf6 Bxf2+ 14.
Kxf2 Rd2+ 15. Kf1 Be6 16. Bg5 f6 17. Bxd2 fxe5 18. Ke2 Rf8 19. Raf1 Bc4+ 20.
Ke1 Rxf1+ 21. Rxf1 Bxf1 22. Kxf1 Kd7 23. Na4 Kc7 24. Nc5 1-0

[Event "4NCL/Div4/HKF3 vs. NLIB2"]
[Site "West Bromwich ENG"]
[Date "2004.01.24"]
[Round "3.1"]
[White "Bullock, Andrew"]
[Black "Young, Alan"]
[Result "1-0"]
[WhiteElo "1672"]
[BlackElo "2027"]
[PlyCount "65"]
[EventDate "2004.01.24"]

1. c4 e5 2. g3 d6 3. Bg2 f5 4. d3 Nf6 5. Nc3 c6 6. Nf3 Be7 7. b4 O-O 8. Qb3 Kh8
9. O-O Na6 10. b5 Nc5 11. Qc2 e4 12. Nd4 Qe8 13. a4 d5 14. Ba3 Bd7 15. Rfd1 Rc8
16. Qa2 Qf7 17. Rac1 f4 18. cxd5 Nxd5 19. dxe4 fxg3 20. exd5 Qxf2+ 21. Kh1 Bh3
22. Rg1 gxh2 23. Bxh3 hxg1=Q+ 24. Rxg1 Qxd4 25. e3 Qxc3 26. Bb2 Rf2 27. Bxc3
Rxa2 28. Bxg7+ Kg8 29. Bxc8 Kf7 30. Be5 Ne4 31. Be6+ Ke8 32. Rg8+ Bf8 33. dxc6
1-0

[Event "4NCL/Div4/HKF3 vs. NLIB2"]
[Site "West Bromwich ENG"]
[Date "2004.01.24"]
[Round "3.2"]
[White "Ralphs, Nigel"]
[Black "Hogarth, Mark J"]
[Result "1-0"]
[WhiteElo "2001"]
[BlackElo "1744"]
[PlyCount "82"]
[EventDate "2004.01.24"]

1. e4 c5 2. Nf3 d6 3. Bb5+ Nd7 4. O-O a6 5. Bxd7+ Bxd7 6. d4 cxd4 7. Qxd4 Qc7
8. Nc3 e6 9. Re1 Ne7 10. Bg5 Nc6 11. Qd3 b5 12. a3 Rc8 13. Rad1 Na5 14. Nd4 Nc4
15. Bc1 Nxa3 16. Nd5 exd5 17. exd5+ Be7 18. bxa3 Kf8 19. Bf4 g5 20. Bg3 Bf6 21.
Ne6+ Bxe6 22. dxe6 Be5 23. Bxe5 dxe5 24. Qf5 Qe7 25. exf7 Kg7 26. Rxe5 Qf6 27.
Qe4 Rhd8 28. Re1 Rc4 29. Qe3 h6 30. Re6 Qf4 31. Qh3 g4 32. Qh5 Qg5 33. Qxg5+
hxg5 34. Re8 Rf4 35. Rxd8 Rxf7 36. Rd6 Rc7 37. Rxa6 Kf7 38. g3 Rxc2 39. Re5 Rb2
40. Rxg5 b4 41. axb4 Rxb4 1-0

[Event "4NCL/Div4/HKF3 vs. NLIB2"]
[Site "West Bromwich ENG"]
[Date "2004.01.24"]
[Round "3.3"]
[White "Greatorex, Roger"]
[Black "Sinnett, Glyn"]
[Result "1/2-1/2"]
[WhiteElo "1696"]
[BlackElo "1939"]
[PlyCount "81"]
[EventDate "2004.01.24"]

1. c4 Nf6 2. Nc3 d5 3. cxd5 Nxd5 4. Nf3 g6 5. Qb3 Nb6 6. Ng5 e6 7. d3 Bg7 8. g3
Nc6 9. Bg2 Nd4 10. Qd1 O-O 11. O-O Qe7 12. Bd2 e5 13. Rb1 c6 14. b4 f5 15. a4
h6 16. Nf3 Be6 17. b5 Rad8 18. a5 Nd5 19. Nxd4 exd4 20. Nxd5 Bxd5 21. bxc6 bxc6
22. Bxd5+ Rxd5 23. Bb4 c5 24. Qb3 Qf7 25. Bd2 Re8 26. Rfe1 Rde5 27. Qxf7+ Kxf7
28. Rb7+ R8e7 29. Rxe7+ Rxe7 30. Kf1 Rb7 31. Rc1 Bf8 32. Ke1 Ke6 33. Kd1 Kd5
34. Kc2 h5 35. h4 Be7 36. e3 Rb5 37. exd4 cxd4 38. Ra1 a6 39. Ra4 Bd6 40. Bg5
Bb4 41. Bd2 1/2-1/2

[Event "4NCL/Div4/HKF3 vs. NLIB2"]
[Site "West Bromwich ENG"]
[Date "2004.01.24"]
[Round "3.4"]
[White "St.Clair, Allan"]
[Black "Parmar, Amisha"]
[Result "1-0"]
[WhiteElo "1874"]
[BlackElo "1384"]
[PlyCount "127"]
[EventDate "2004.01.24"]

1. d4 Nf6 2. Nf3 g6 3. Bf4 Bg7 4. e3 O-O 5. Bd3 d6 6. c3 Nbd7 7. h4 c5 8. Nbd2
a6 9. h5 Nxh5 10. Rxh5 gxh5 11. Qc2 h6 12. O-O-O Qa5 13. a3 b5 14. Rh1 Nf6 15.
dxc5 dxc5 16. Ne4 b4 17. Nxf6+ exf6 18. cxb4 cxb4 19. Bc7 Qd5 20. Be4 Qb5 21.
Bc6 Bf5 22. e4 Bxe4 23. Qxe4 Qc5+ 24. Kb1 Rac8 25. Rc1 Qxf2 26. Bd7 bxa3 27.
Qc2 Qxc2+ 28. Rxc2 Ra8 29. bxa3 Ra7 30. Nd4 Rb7+ 31. Ka2 Kh8 32. Nf5 Kh7 33.
Rc3 Bh8 34. Nd6 Ra7 35. Bf5+ Kg8 36. Ne4 Bg7 37. Nd6 Bh8 38. Nc8 Rxc7 39. Rxc7
Rd8 40. Nb6 Rd2+ 41. Rc2 Rd6 42. Nd7 Rd5 43. Rf2 Rd6 44. Kb3 Bg7 45. Rf3 Rd2
46. Rg3 Rd6 47. Kc4 h4 48. Rg4 Rc6+ 49. Kd5 Rc3 50. a4 h3 51. gxh3 Rf3 52. Ke4
Ra3 53. Nc5 Kh8 54. Bd7 a5 55. Nb7 f5+ 56. Kxf5 Rxh3 57. Nd6 Kg8 58. Ke4 Rh1
59. Nf5 Re1+ 60. Kd5 Rd1+ 61. Kc6 Kf8 62. Nxg7 Ke7 63. Nf5+ Kd8 64. Rg8# 1-0